Best Footballer In Asia - Statistics

General Stats
  • This quiz has been taken 70 times
    14 since last reset
  • The average score is 12 of 13
Answer Stats
Hint Answer Nationality Club % Correct
2014 Son Heung-Min South Korea Bayer Leverkusen
100%
2015 Son Heung-Min Soutth Korea Tottenham Hotspur
100%
2017 Son Heung-Min South Korea Tottenham Hotspur
100%
2018 Son Heung-Min South Korea Tottenham Hotspur
100%
2019 Son Heung-Min South Korea Tottenham Hotspur
100%
2020 Son Heung-Min South Korea Tottenham Hotspur
100%
2021 Son Heung-Min South Korea Tottenham Hotspur
100%
2022 Son Heung-Min South Korea Tottenham Hotspur
100%
2023 Son-Heung-Min South Korea Tottenham Hotspur
100%
2025 Son Heung-min South Korea Tottenham Hotspur
100%
2013 Keisuke Honda Japan CSKA Moscow
82%
2016 Shinji Okazaki Japan Leicester City
55%
2024 Akram Afif Qatar Al-Sadd
27%
No matching quizzes found
Score Distribution
Percent of People with Each Score
Percentile by Number Answered
Your Score History
You have not taken this quiz since the last reset